| 000 | 01103cam a2200313 a 4500 | ||
|---|---|---|---|
| 999 |
_c233341 _d233341 |
||
| 001 | 1403070 | ||
| 003 | Nust | ||
| 005 | 20170307102152.0 | ||
| 008 | 830224s1903 enka 000 1 eng | ||
| 010 | _a 82466694 | ||
| 020 | _a9780141321059 | ||
| 040 |
_aDLC _cDLC _dDLC |
||
| 050 | 0 | 0 |
_aPS3523.O46 _bC3 1903b |
| 082 | 0 | 0 |
_a813.52 _bLON |
| 100 | 1 |
_aLondon, Jack, _d1876-1916. |
|
| 245 | 1 | 4 |
_aThe call of the wild / _cby Jack London ; illustrated by Philip R. Goodwin and Charles Livingston Bull ; decorated by Chas. Edw. Hooper. |
| 260 |
_aLondon : _bHeinemann, _c1903. |
||
| 300 |
_a133 p. : _bill. (some col.) ; _c20 cm. |
||
| 650 | 0 |
_aAnimal welfare _vFiction. |
|
| 650 | 0 |
_aFeral dogs _vFiction. |
|
| 650 | 0 |
_aPet theft _vFiction. |
|
| 650 | 0 |
_aSled dogs _vFiction. |
|
| 650 | 0 |
_aDogs _vFiction. |
|
| 651 | 0 |
_aKlondike River Valley (Yukon) _vFiction. |
|
| 655 | 7 |
_aAdventure fiction. _2gsafd |
|
| 655 | 7 |
_aNature stories. _2lcsh |
|
| 700 | 1 | _aGoodwin, Philip R. | |
| 700 | 1 |
_aBull, Charles Livingston, _d1874-1932. |
|
| 906 |
_a7 _bcbc _corignew _d4 _encip _f19 _gy-gencatlg |
||
| 942 |
_2ddc _cBK |
||